Organización del poder y libertad historia del constitucionalismo moderno (Registro nro. 58473)

Detalles MARC
000 -ENCABEZADO
Número de control [NR] 01119nam a2200265Ia 4500
008 - DE LONGITUD FIJA DE DATOS DE ELEMENTOS - INFORMACIÓN GENERAL
Elementos de longitud fija [NR] 130821s1998 sp gr spa
020 ## - NUMERO INTERNACIONAL NORMALIZADO PARA LIBROS [R]
Número Internacional Normalizado del libro [NR] 8481642150
040 ## - FUENTE DE CATALOGACION [NR]
Agencia de catalogación original [NR] Co-BoUCM
Idioma de catalogación [NR] spa
041 00 - CODIGO DE IDIOMA [R]
Código de idioma para texto/pista de sonido o título separado [R] Español
100 1# - ASIENTO PRINCIPAL--NOMBRE PERSONAL [NR]
Nombre personal [NR] Matteucci, Nicola
ID Autoridad 164675
245 10 - MENCION DE TITULO [NR]
Título [NR] Organización del poder y libertad historia del constitucionalismo moderno
Mención de responsabilidad, etc. [NR] Nicola Matteucci ; traducción de Francisco Javier Ansuátegui Roig y Manuel Martínez Neira
260 ## - PUBLICACION, DISTRIBUCION, ETC. (PIE DE IMPRENTA) [R]
Lugar de publicación, distribución, etc. [R] Madrid (España)
Nombre del editor, distribuidor, etc. [R] Editorial Trotta
Fecha de publicación, distribución, etc. [R] 1998
300 ## - DESCRIPCION FISICA [R]
Extensión [R] 318 páginas
490 #0 - MENCION DE SERIE [R]
Mención de serie [R] Colección Estructuras y Procesos.
-- Derecho
504 ## - NOTA DE BIBLIOGRAFIA, ETC. [R]
Nota de bibliografía, etc. [NR]
650 04 - ASIENTO SECUNDARIO DE MATERIA - TERMINO TEMATICO [R]
Término temático o nombre geográfico como elemento de entrada [NR] Derecho constitucional
9 (RLIN) 12725
650 04 - ASIENTO SECUNDARIO DE MATERIA - TERMINO TEMATICO [R]
Término temático o nombre geográfico como elemento de entrada [NR] Historia constitucional
9 (RLIN) 16928
650 04 - ASIENTO SECUNDARIO DE MATERIA - TERMINO TEMATICO [R]
Término temático o nombre geográfico como elemento de entrada [NR] Sistemas de gobierno
9 (RLIN) 24619
650 04 - ASIENTO SECUNDARIO DE MATERIA - TERMINO TEMATICO [R]
Término temático o nombre geográfico como elemento de entrada [NR] Teoría del estado
9 (RLIN) 25310
700 1# - ASIENTO SECUNDARIO - NOMBRE PERSONAL [R]
Nombre personal [NR] Ansuátegui Roig, Francisco Javier
Término de relación [R]
9 (RLIN) 126986
700 1# - ASIENTO SECUNDARIO - NOMBRE PERSONAL [R]
Nombre personal [NR] Martinez Neira, Manuel
Término de relación [R]
9 (RLIN) 130618
765 ## - ASIENTO DE IDIOMA ORIGINAL [R]
Título [NR] Organizzazione del potere e libertà storia del costituzionalismo moderno
942 ## - ELEMENTOS DE ENTRADA AGREGADOS (KOHA)
Tipo de ítem principal el descrito en 300a Libro
Tema principal Derecho
Edición 1
Parte restante de la signatura top. M435o
Sistema de clasificación DEWEY
Clasificación 342.09
Existencias
Fecha de último préstamo Total préstamos Signatura topográfica Código de barras Última vez visto Ejemplar Price effective from Tipo de ítem Perdido Sistema de clasificación Dañado No prestable Tipo de ítem específico Suprimido Ubicación habitual Ubicación actual Localización Fecha de creación Forma de adquisición Costo
29/08/2023 1 342.09 M435o 100095818 08/06/2024 Ej.1 03/02/2013 Libro   DEWEY     Libro   Bodega Bodega 3er piso 28/02/2013 Compra 69870.00